Statistics for Most Popular Board Games Quiz

Click here to take the quiz!

General Stats

  • This quiz has been taken 53,239 times
    (53,220 since last reset)
  • The average score is 11 of 20

Answer Stats

HintCreatedAnswer% Correct
Checkmate?Chess
98%
Real estate game1935Monopoly
96%
Make words with tiles1938Scrabble
92%
You sunk my ....1967Battleship
88%
Whodunnit? Where? How?1949Clue
85%
King me?Checkers
83%
"Climb" and "slide" with kids?Chutes &
Ladders
82%
Go to school, raise a family...1860Life
76%
Conquer the world!1957Risk
71%
Test your trivia knowledge1979Trivial Pursuit
69%
Like charades, but with drawing1985Pictionary
64%
Two-player vertical game1974Connect 4
39%
Checkers and dice game?Backgammon
31%
"Capture the flag" game1910Stratego
24%
Chinese game using stones?Go
22%
Desdemona's husband1883Othello
22%
East African "sowing" game?Mancala
19%
Word category party game1988Scattergories
19%
Multi-skill team party game1998Cranium
14%
WWII themed strategy game1981Axis & Allies
12%

Score Distribution

Percentile by Number Answered

Percent of People with Each Score

Your Score History

You have not taken this quiz since the last reset